[Event "IsBank TCh-TUR"]
[Site "Konya TUR"]
[Date "2010.07.05"]
[Round "8"]
[White "Ozturk,Ku"]
[Black "Gvetadze,Sopi"]
[Result "1-0"]
[WhiteElo "2273"]
[BlackElo "2363"]
[EventDate "2010.06.29"]

1. d4 d5 2. Nf3 Nf6 3. c4 c6 4. e3 a6 5. Nc3 b5 6. b3 Bg4 7. Be2 e6 8. O-O
Nbd7 9. h3 Bh5 10. a4 b4 11. Na2 a5 12. Bb2 Qb8 13. Nc1 Bd6 14. Nd2 Bg6 15.
Nd3 O-O 16. f4 Ne4 17. Nxe4 Bxe4 18. Nf2 Bg6 19. Bd3 Bxd3 20. Qxd3 Qb7 21.
Rac1 Rac8 22. Rc2 Rfd8 23. c5 Bb8 24. Ng4 Rf8 25. e4 dxe4 26. Qxe4 Rfe8 27.
Qf3 f6 28. Ne3 Nf8 29. Nc4 Bc7 30. Re2 Red8 31. Rfe1 Rd5 32. Ne3 Rd7 33. f5
exf5 34. Nxf5 Bd8 35. Nd6 Qb8 36. Nxc8 Qxc8 37. Re8 Rd5 38. Qe4 Qd7 39. Qf4
Kf7 40. Qb8 Ng6 41. R8e6 Be7 42. Qa8 Ne5 43. Rxe7+ Qxe7 44. dxe5 Qxe5 45.
Kh1 1-0

[Event "IsBank TCh-TUR"]
[Site "Konya TUR"]
[Date "2010.07.05"]
[Round "8"]
[White "Sipahioglu,I"]
[Black "Yilmazyerli,M"]
[Result "0-1"]
[WhiteElo "2057"]
[BlackElo "2295"]
[EventDate "2010.06.29"]

1. d4 Nf6 2. c4 c5 3. d5 d6 4. Nc3 g6 5. e4 Bg7 6. f4 O-O 7. Nf3 e6 8. Be2
Re8 9. Nd2 exd5 10. cxd5 a6 11. a4 Ng4 12. Bxg4 Qh4+ 13. g3 Qxg4 14. Qxg4
Bxg4 15. Kf2 f5 16. h3 Bd4+ 17. Kg2 Bxc3 18. bxc3 Be2 19. Re1 Bd3 20. e5
Nd7 21. Ba3 dxe5 22. fxe5 Nxe5 23. Bxc5 Rad8 24. d6 Kf7 25. Re3 Nd7 26.
Re7+ Rxe7 27. dxe7 Rc8 28. Bb4 Nb6 29. Nf3 Be4 30. Rd1 Ke8 31. Kf2 Nd5 32.
Ng5 Nxb4 33. Nxe4 Kxe7 34. cxb4 fxe4 35. Rd4 Rc2+ 36. Ke3 Rc3+ 37. Kf4 Rf3+
38. Kg4 h5+ 39. Kh4 Kf6 40. Rxe4 g5+ 41. Kxh5 Rxg3 42. Re8 Rxh3+ 43. Kg4
Rh4+ 44. Kg3 Rxb4 45. a5 Rb5 46. Rb8 Ke7 0-1

[Event "IsBank TCh-TUR"]
[Site "Konya TUR"]
[Date "2010.07.05"]
[Round "8"]
[White "Kozhuharov,S"]
[Black "Atakisi,U"]
[Result "1-0"]
[WhiteElo "2404"]
[BlackElo "2384"]
[EventDate "2010.06.29"]

1. d4 Nf6 2. c4 g6 3. Nc3 d5 4. Nf3 Bg7 5. Bf4 O-O 6. e3 c5 7. dxc5 Qa5 8.
Rc1 dxc4 9. Bxc4 Qxc5 10. Bb3 Nc6 11. O-O Qa5 12. h3 Bf5 13. Qe2 Ne4 14.
Nxe4 Bxe4 15. Rfd1 Qh5 16. Bc2 Bxc2 17. Qxc2 Rfd8 18. Qb3 Na5 19. Rxd8+
Rxd8 20. Qb4 b6 21. Qxe7 Qd5 22. e4 Qd3 23. Ne5 Bxe5 24. Bxe5 Qd2 25. Qf6
Kf8 26. Rc7 1-0

[Event "IsBank TCh-TUR"]
[Site "Konya TUR"]
[Date "2010.07.05"]
[Round "8"]
[White "Sanal,S"]
[Black "Soylemez,C"]
[Result "0-1"]
[WhiteElo "1713"]
[BlackElo "1935"]
[EventDate "2010.06.29"]

1. e4 c5 2. Nc3 Nc6 3. g3 g6 4. Bg2 Bg7 5. d3 d6 6. f4 Nf6 7. Nf3 O-O 8.
O-O Rb8 9. h3 b5 10. g4 b4 11. Ne2 Nd7 12. Rb1 Qa5 13. Ra1 Qb6 14. Kh1 a5
15. Ng3 a4 16. f5 Nde5 17. Nxe5 Bxe5 18. Qf3 Nd4 19. Qf2 Bg7 20. g5 Ba6 21.
f6 exf6 22. gxf6 Bh8 23. Bh6 Rfe8 24. h4 Nc6 25. h5 Ne5 26. hxg6 hxg6 27.
Bh3 Bc8 28. Nf5 Bxf6 29. Nxd6 Qxd6 30. Bxc8 Rbxc8 31. Qxf6 Qxf6 32. Rxf6
Ng4 33. Bg5 Nxf6 34. Bxf6 Re6 35. Rf1 c4 36. a3 b3 37. dxc4 bxc2 38. Bc3
Rxe4 39. Rc1 Re2 40. Kg1 Rxc4 41. Kf1 Rh2 42. Kg1 Rch4 0-1

[Event "IsBank TCh-TUR"]
[Site "Konya TUR"]
[Date "2010.07.05"]
[Round "8"]
[White "Suer,U"]
[Black "Komut,B"]
[Result "1/2-1/2"]
[WhiteElo "1793"]
[BlackElo "2012"]
[EventDate "2010.06.29"]

1. c4 e6 2. Nc3 d5 3. d4 Be7 4. Nf3 Nf6 5. Bg5 O-O 6. e3 h6 7. Bh4 Ne4 8.
Bxe7 Qxe7 9. cxd5 Nxc3 10. bxc3 exd5 11. Qb3 Rd8 12. c4 Be6 13. c5 b6 14.
Rc1 bxc5 15. Rxc5 Nd7 16. Rxc7 Rab8 17. Qc2 Qa3 18. Rc3 Qa5 19. Nd2 Nb6 20.
Rc5 Qb4 21. Rb5 Qa3 22. Rb3 Qa5 23. Rb5 Qa3 24. Rb3 Qd6 25. Bd3 Rdc8 26.
Qd1 Nc4 27. O-O Rxb3 28. Nxb3 Qa3 29. Qe2 Rb8 30. Rd1 Rc8 1/2-1/2

[Event "IsBank TCh-TUR"]
[Site "Konya TUR"]
[Date "2010.07.05"]
[Round "8"]
[White "Solak,D"]
[Black "Karakehajov,K"]
[Result "1/2-1/2"]
[WhiteElo "2547"]
[BlackElo "2505"]
[EventDate "2010.06.29"]

1. e4 c5 2. Nf3 e6 3. d3 Nc6 4. g3 g6 5. Bg2 Bg7 6. O-O Nge7 7. c3 O-O 8.
Re1 e5 9. a3 d6 10. b4 h6 11. Be3 f5 12. exf5 cxb4 13. fxg6 bxc3 14. Nh4 d5
15. Qh5 Nf5 16. Bc5 Nxh4 17. Bxf8 Nxg2 18. Bxg7 Kxg7 19. Kxg2 d4 20. a4 Qf6
21. Na3 Bf5 22. Rad1 Bxg6 23. Qe2 Re8 24. f3 Nb4 25. Nc2 a5 26. Rf1 Qc6 27.
Kg1 Qxa4 28. Nxb4 axb4 29. f4 Qd7 30. fxe5 b3 31. Rf6 c2 32. Rdf1 Qc8 33.
Qf3 c1=Q 34. Rxg6+ Kxg6 35. Qf7+ Kg5 36. Qg7+ Kh5 37. Qf7+ Kg5 38. h4+ Kg4
39. Qf3+ Kh3 40. Qg2+ Kg4 41. Qf3+ Kh3 42. Qg2+ Kg4 43. Qf3+ 1/2-1/2

[Event "IsBank TCh-TUR"]
[Site "Konya TUR"]
[Date "2010.07.05"]
[Round "8"]
[White "Okay,A"]
[Black "Kanli,K"]
[Result "0-1"]
[WhiteElo "1852"]
[BlackElo "1939"]
[EventDate "2010.06.29"]

1. e4 e5 2. Nf3 Nc6 3. Bb5 a6 4. Ba4 Nf6 5. d3 b5 6. Bb3 Be7 7. Nbd2 O-O 8.
O-O d6 9. c3 Na5 10. Bc2 c5 11. Re1 Nc6 12. Nf1 h6 13. Ng3 Be6 14. h3 Re8
15. Nh2 Qd7 16. f4 exf4 17. Bxf4 d5 18. e5 Nh7 19. d4 cxd4 20. cxd4 Rac8
21. a3 Nxd4 22. Bd3 Nf5 23. Qb1 Bc5+ 24. Kh1 Nxg3+ 25. Bxg3 Nf8 26. b4 Bd4
27. Ra2 Bc3 28. Rf1 Qc7 29. Nf3 d4 30. Re2 Qc6 31. Nh4 Bxh3 32. Be4 Qe6 33.
Nf5 Bxf5 34. Bxf5 Qc4 35. Ref2 Ra8 36. Bc2 Ne6 37. Rxf7 Qe2 38. Bb3 Qh5+
39. Kg1 Bd2 40. R7f5 Be3+ 41. Bf2 Qg4 42. Bxe3 dxe3 43. R1f4 Qe2 44. Bxe6+
Rxe6 45. Qb3 Rae8 46. Rf8+ Kh7 47. Qb1+ Rg6 48. Qe4 Rxf8 49. Rxf8 Qd1+ 50.
Kh2 Qh5+ 51. Kg1 Qd1+ 52. Kh2 e2 53. Qa8 Rxg2+ 54. Kxg2 e1=Q 55. Rh8+ Kg6
56. Qe8+ Kg5 57. Qe7+ Kh5 58. Qf7+ g6 59. Rxh6+ Kxh6 60. Qf8+ Kh5 61. Qh8+
Kg4 62. Qc8+ Kf4 63. Qf8+ Kxe5 64. Qe7+ Kd4 65. Qc5+ Kd3 66. Qd5+ Kc2 67.
Qa2+ Kc3 0-1

[Event "IsBank TCh-TUR"]
[Site "Konya TUR"]
[Date "2010.07.05"]
[Round "8"]
[White "Yigit,A"]
[Black "Sahin,Handenur"]
[Result "1-0"]
[WhiteElo "1734"]
[BlackElo "1656"]
[EventDate "2010.06.29"]

1. e4 e5 2. Nf3 Nf6 3. Nxe5 d6 4. Nf3 Nxe4 5. d4 d5 6. Bd3 Bd6 7. O-O O-O
8. c4 c6 9. cxd5 cxd5 10. Nc3 Nxc3 11. bxc3 Bg4 12. Rb1 b6 13. Rb5 a6 14.
Rxd5 h6 15. Bf4 Qf6 16. Bxd6 Re8 17. Re5 Nc6 18. Rxe8+ Rxe8 19. Bg3 a5 20.
Re1 Rc8 21. Qe2 g6 22. Be4 Ne7 23. Qd3 Nf5 24. Be5 Qd8 25. h3 Bxf3 26. Qxf3
Qg5 27. Bxf5 Qxf5 28. Qxf5 gxf5 29. Re3 Kh7 30. Rg3 h5 31. Rg7+ Kh6 32. d5
Rf8 33. Rg3 Rc8 34. d6 Rd8 35. Rd3 Rd7 36. Bf6 Kg6 37. Be7 f6 38. Rd4 Kf7
39. Rc4 Ke8 40. Rc8+ Kf7 41. Rb8 1-0

[Event "IsBank TCh-TUR"]
[Site "Konya TUR"]
[Date "2010.07.05"]
[Round "8"]
[White "Gaponenko,I"]
[Black "Atalik,E"]
[Result "1/2-1/2"]
[WhiteElo "2465"]
[BlackElo "2444"]
[EventDate "2010.06.29"]

1. e4 e5 2. Nf3 Nc6 3. Bb5 a6 4. Bxc6 dxc6 5. O-O Ne7 6. Nxe5 Qd4 7. Qh5 g6
8. Nf3 Qxe4 9. Qa5 Bg4 10. d3 Qd5 11. Qxc7 Bxf3 12. gxf3 Qxf3 13. Re1 Qg4+
14. Kh1 Qf3+ 15. Kg1 Qg4+ 16. Kf1 Qh3+ 17. Kg1 Qg4+ 18. Kf1 Qh3+ 1/2-1/2

[Event "IsBank TCh-TUR"]
[Site "Konya TUR"]
[Date "2010.07.05"]
[Round "8"]
[White "Zeytinoglu,N"]
[Black "Okay,I"]
[Result "1-0"]
[WhiteElo "1927"]
[BlackElo "1865"]
[EventDate "2010.06.29"]

1. e4 c6 2. d4 d5 3. Nd2 dxe4 4. Nxe4 Nd7 5. Nf3 Ngf6 6. Nxf6+ Nxf6 7. Ne5
e6 8. Be2 Bd6 9. O-O Qc7 10. f4 b6 11. Bf3 Bb7 12. Qe2 O-O-O 13. a4 c5 14.
a5 Nd5 15. a6 Bc6 16. Nxc6 Qxc6 17. c4 cxd4 18. cxd5 exd5 19. Bd2 Kb8 20.
Qd3 Qc4 21. Be2 Qc8 22. Rac1 Qd7 23. Bf3 Be7 24. Rfe1 Bf6 25. Rc2 Rhe8 26.
Rxe8 Rxe8 27. Rc1 g5 28. fxg5 Be5 29. Re1 Re7 30. Rxe5 1-0

[Event "IsBank TCh-TUR"]
[Site "Konya TUR"]
[Date "2010.07.05"]
[Round "8"]
[White "Yuksel,G"]
[Black "Ozen,B"]
[Result "1-0"]
[WhiteElo "1825"]
[BlackElo "2078"]
[EventDate "2010.06.29"]

1. e4 e5 2. Nf3 Nc6 3. Bc4 Bc5 4. b4 Bxb4 5. c3 Ba5 6. d4 exd4 7. O-O d3 8.
Qb3 Qe7 9. Ba3 Qf6 10. e5 Qg6 11. Qb5 a6 12. Qd5 b5 13. Bxd3 Qe6 14. Qe4
Bb7 15. c4 O-O-O 16. Qe2 b4 17. Bb2 Bb6 18. c5 Bxc5 19. Bxa6 Nge7 20. Qb5
Bb6 21. a4 Qd5 22. Qe2 Bxa6 23. Qxa6+ Kb8 24. Nbd2 Ng6 25. Nc4 Ba7 26. Rad1
Qc5 27. Rc1 Rhf8 28. a5 b3 29. Nd6 cxd6 30. Rxc5 dxc5 31. Qb5+ Ka8 32. Rd1
Rb8 33. Qa6 Nb4 34. Qc4 Nc6 35. a6 Na5 36. Qd5+ Nc6 37. Qxd7 Nge7 38. Qg4
Rfd8 39. Rxd8 Rxd8 40. g3 Nb4 41. Qe4+ Rd5 42. Qc4 Nec6 43. Qb5 Rd7 44. Bc3
Rc7 45. Qc4 Na5 46. Qe4+ Nac6 47. Bxb4 cxb4 48. Qd5 b2 49. Qe4 Kb8 50. Kg2
Nd4 51. Nd2 Rc6 52. h4 Rxa6 53. Nc4 Rc6 54. Nxb2 Rc2 55. Nd3 b3 56. Qxh7 b2
57. Nxb2 Rxb2 58. Qg8+ Kb7 59. Qxf7+ Kb8 60. Qf8+ Kb7 61. Qxg7+ Kb8 62.
Qg8+ Kc7 63. Qf7+ Kb8 64. e6 Nxe6 65. Qxe6 Rxf2+ 66. Kh3 Kc7 67. Qe5+ Kc6
68. h5 1-0

[Event "IsBank TCh-TUR"]
[Site "Konya TUR"]
[Date "2010.07.05"]
[Round "8"]
[White "Sanal,V"]
[Black "Yuksel,A"]
[Result "0-1"]
[WhiteElo "2106"]
[BlackElo "1975"]
[EventDate "2010.06.29"]

1. e4 c5 2. Nf3 d6 3. d4 cxd4 4. Nxd4 Nf6 5. Nc3 a6 6. Bg5 Nbd7 7. Qd2 Nb8
8. Qd1 Nbd7 9. Qd2 e6 10. f3 Qc7 11. a4 b6 12. Be2 Bb7 13. O-O Be7 14. Rad1
h6 15. Be3 O-O 16. Bd3 Nc5 17. b4 Nxd3 18. cxd3 d5 19. Nce2 Rfc8 20. Rb1
Bf8 21. a5 bxa5 22. Rfc1 Qd7 23. Rxc8 Rxc8 24. bxa5 e5 25. Nf5 dxe4 26.
fxe4 Nxe4 27. Rxb7 Qxb7 28. dxe4 Qxe4 29. Qd7 Rc6 30. Neg3 Qb1+ 31. Nf1 Rf6
32. N5g3 h5 33. h4 Qb4 34. Nxh5 Rg6 35. Qd5 Qxh4 36. Qxe5 Bd6 37. Qd5 Kh7
38. Qf5 Qg4 39. Qxg4 Rxg4 40. Kf2 Bb4 41. Kg1 Bd6 42. Kf2 Bb4 43. Kf3 Rc4
44. Nd2 Rc3 45. Nf4 Bxa5 46. Ke4 Rc6 47. Nb3 Bb6 48. Kd5 Rf6 49. Bd2 a5 50.
Kc4 a4 51. Nc1 Rc6+ 52. Kd3 g5 53. Nd5 Bd8 54. Bc3 Kg6 55. Ke4 f5+ 56. Kd3
Kh5 57. Na2 f4 58. Nab4 Re6 59. Nc2 Kg4 60. Bd2 Kg3 61. Nd4 Re5 62. Ne2+
Kxg2 63. Ndxf4+ Kf3 64. Nd4+ Kf2 65. Nh3+ Kg2 66. Nxg5 Bxg5 67. Bb4 Re3+
68. Kc2 a3 69. Kb1 Bf6 70. Bc5 Re5 71. Bb6 Rd5 0-1

[Event "IsBank TCh-TUR"]
[Site "Konya TUR"]
[Date "2010.07.05"]
[Round "8"]
[White "Esen,B"]
[Black "Savchenko,B"]
[Result "0-1"]
[WhiteElo "2521"]
[BlackElo "2642"]
[EventDate "2010.06.29"]

1. d4 Nf6 2. c4 c5 3. d5 e6 4. Nc3 exd5 5. cxd5 g6 6. e4 d6 7. h3 Bg7 8.
Nf3 a6 9. a4 Nbd7 10. Bd3 Nh5 11. Bg5 Bf6 12. Be3 O-O 13. O-O Rb8 14. Qd2
Re8 15. Rab1 Qa5 16. Rfe1 Ne5 17. Be2 Ng7 18. Nxe5 Bxe5 19. Bf4 Bd7 20. Bd3
Qb4 21. Bc2 Bxf4 22. Qxf4 Nf5 23. Rec1 Rbd8 24. Na2 Nd4 25. Nxb4 Ne2+ 26.
Kf1 Nxf4 27. Na2 f5 28. exf5 Ne2 29. Re1 Nd4 30. Bd3 gxf5 31. Nc3 b5 32.
axb5 axb5 33. b4 c4 34. Be2 Ra8 35. Bh5 Rxe1+ 36. Kxe1 f4 37. Bd1 Kf7 38.
Rb2 Bf5 39. h4 Kf6 40. g4 fxg3 41. fxg3 Ke5 42. g4 Be4 43. g5 Bxd5 44. Rf2
Be6 45. Rf6 d5 46. Kd2 Rb8 47. Rf1 Bf5 48. Re1+ Be4 49. h5 Rf8 50. Rg1 Rf3
51. g6 hxg6 52. Nxe4 dxe4 53. hxg6 c3+ 54. Kc1 Rf8 55. g7 Rg8 56. Rg5+ Kf4
57. Rd5 Nf5 58. Rc5 Rxg7 59. Rxc3 Rg1 60. Rc8 Ne3 61. Rf8+ Ke5 62. Re8+ Kd4
63. Rd8+ Kc3 0-1

[Event "IsBank TCh-TUR"]
[Site "Konya TUR"]
[Date "2010.07.05"]
[Round "8"]
[White "Menzi,N"]
[Black "Patel,Y"]
[Result "1-0"]
[WhiteElo "1851"]
[BlackElo "1782"]
[EventDate "2010.06.29"]

1. e4 c5 2. c3 d5 3. exd5 Qxd5 4. d4 e6 5. Nf3 Nf6 6. Be3 Nc6 7. Bc1 Nb8 8.
Be3 Nc6 9. dxc5 Qxd1+ 10. Kxd1 Ng4 11. b4 Nxe3+ 12. fxe3 a5 13. Bb5 Bd7 14.
Nd4 axb4 15. Bxc6 Bxc6 16. Nxc6 bxc6 17. cxb4 Be7 18. a3 Bf6 19. Ra2 Ke7
20. Ke2 Be5 21. h3 Rhb8 22. Rd2 Ra7 23. Rhd1 f6 24. Rd3 Rba8 25. Rb3 g5 26.
Rdd3 h5 27. Nd2 g4 28. hxg4 hxg4 29. Nc4 Bg3 30. e4 Bf4 31. Rd1 Rh8 32.
Rbd3 Rh2 33. Kf2 f5 34. e5 Bg5 35. Kg1 Rh4 36. g3 Rh3 37. Kg2 Ke8 38. Rh1
Ke7 39. Rhd1 Ke8 40. Rh1 Rah7 41. Rxh3 Rxh3 42. Rd4 Rh7 43. Na5 Be3 44. Rd6
f4 45. gxf4 Bxf4 46. Rxe6+ Kd7 47. Rd6+ Ke8 48. Nxc6 1-0

[Event "IsBank TCh-TUR"]
[Site "Konya TUR"]
[Date "2010.07.05"]
[Round "8"]
[White "Yilmaz,M"]
[Black "Sirin,A"]
[Result "1/2-1/2"]
[WhiteElo "2476"]
[BlackElo "2250"]
[EventDate "2010.06.29"]

1. e4 c5 2. Nf3 d6 3. d4 cxd4 4. Nxd4 Nf6 5. Nc3 g6 6. Be3 Bg7 7. f3 Nc6 8.
Qd2 O-O 9. Bc4 Bd7 10. O-O-O Rb8 11. Bb3 Na5 12. Bh6 Bxh6 13. Qxh6 b5 14.
Nd5 Nxb3+ 15. axb3 Nxd5 16. exd5 Qa5 17. Qe3 b4 18. Qxe7 Qa1+ 19. Kd2 Qxb2
20. Qe3 Rfe8 21. Qd3 Rbc8 22. Rhe1 Re5 23. Rb1 Qc3+ 24. Qxc3 bxc3+ 25. Kd3
Rxd5 26. g4 h5 27. h3 Bb5+ 28. Ke4 Re5+ 29. Kf4 Rce8 30. Re4 Bd7 31. Rbe1
f6 32. gxh5 gxh5 33. h4 Kf7 34. R1e3 Rc8 35. Ne2 Kg6 36. Rxc3 Rxc3 37. Nxc3
Bf5 38. Rd4 Bxc2 39. b4 a5 40. bxa5 Rc5 41. Ne2 Rxa5 42. Rxd6 Re5 43. Nd4
Ra5 44. Ne2 Re5 45. Nd4 Ba4 46. Ne6 Ra5 47. Kg3 Bb3 48. Nf4+ Kg7 49. Rd7+
Bf7 50. Rb7 Re5 51. Ra7 Kg8 52. Rc7 Kg7 53. Nd3 Rd5 54. Nc5 Kg6 55. Ne4 Re5
56. Nf2 Re3 57. Kf4 Re5 58. Nd3 Rd5 59. Ke3 Ra5 60. Rc6 Kg7 61. Rd6 Ra3 62.
Kf2 Ra2+ 63. Kg3 Ra5 64. Rb6 Rd5 65. Nf2 Rf5 66. Ra6 Bd5 67. Ra7+ Kg6 68.
Ra3 Bf7 69. Ne4 Re5 70. Ra6 Re6 71. Ra7 Re5 72. Nf2 Kg7 73. Kf4 Kg6 74. Nd3
Rb5 75. Ra1 Kg7 76. Rg1+ Kh6 77. Nf2 Bg6 78. Ra1 Rb4+ 79. Kg3 Rb5 80. Ra7
Bf5 81. Rc7 Rb4 82. Nd1 Rb5 83. Ne3 Kg6 84. Ng2 Rb6 85. Nf4+ Kh6 86. Nd5
Rd6 87. Ne7 Be6 88. Rc5 Rd7 89. Nf5+ Bxf5 90. Rxf5 Kg6 1/2-1/2

[Event "IsBank TCh-TUR"]
[Site "Konya TUR"]
[Date "2010.07.05"]
[Round "8"]
[White "Firat,B"]
[Black "Coban,Met"]
[Result "1-0"]
[WhiteElo "2403"]
[BlackElo "1919"]
[EventDate "2010.06.29"]

1. e4 c5 2. Nf3 d6 3. d4 cxd4 4. Nxd4 Nf6 5. Nc3 g6 6. Be3 Bg7 7. f3 O-O 8.
Qd2 Nc6 9. O-O-O d5 10. exd5 Nxd5 11. Nxc6 bxc6 12. Bd4 e5 13. Bc5 Be6 14.
Ne4 Re8 15. Bc4 Qc7 16. h4 h6 17. g4 Rad8 18. Qe1 Rd7 19. g5 h5 20. Rh2
Red8 21. Rhd2 Kh7 22. Ba3 Nf4 23. Rxd7 Rxd7 24. Bd6 Qd8 25. Qb4 Qc7 26. Qe1
Qd8 27. Qb4 Nd5 28. Qc5 Qb6 29. a4 Rb7 30. b3 a5 31. Rd2 Nf4 32. Bf1 Bd5
33. Qxb6 Rxb6 34. Nc5 Ne6 35. Nd7 Rb7 36. Nxe5 Bxe5 37. Bxe5 Bxf3 38. Bc3
Ra7 39. Bc4 Ng7 40. Rd8 Bg4 41. Rf8 Be6 42. Bxe6 fxe6 43. Rd8 c5 44. Be5
Rb7 45. Kd2 1-0

[Event "IsBank TCh-TUR"]
[Site "Konya TUR"]
[Date "2010.07.05"]
[Round "8"]
[White "Sop,S"]
[Black "Arig,B"]
[Result "1-0"]
[WhiteElo "1963"]
[BlackElo "1778"]
[EventDate "2010.06.29"]

1. e4 e5 2. Nf3 Nf6 3. Nxe5 d6 4. Nf3 Nxe4 5. Nc3 Nxc3 6. dxc3 Be7 7. Bc4
c6 8. Be3 d5 9. Bd3 Bg4 10. h3 Bh5 11. Qd2 Nd7 12. g4 Bg6 13. O-O-O Qa5 14.
Kb1 O-O-O 15. Nd4 Bxd3 16. cxd3 g6 17. Bf4 Rde8 18. Rhe1 Qd8 19. Bh2 Bg5
20. Qc2 Bf6 21. Qa4 Qb6 22. Qa3 Qc5 23. Qxc5 Nxc5 24. Kc2 Bxd4 25. cxd4
Rxe1 26. Rxe1 Ne6 27. Be5 Re8 28. Kd1 Kd7 29. h4 b6 30. b4 Nd8 31. Re3 Nb7
32. Rf3 Re7 33. Rf6 Nd8 34. h5 Re6 35. Rf3 c5 36. bxc5 bxc5 37. Bf6 c4 38.
Bxd8 Kxd8 39. Rxf7 gxh5 40. gxh5 Rh6 41. Rf5 Rd6 42. dxc4 dxc4 43. d5 Ke7
44. Kc2 Ra6 45. Kc3 Rxa2 46. Kxc4 Rd2 47. Re5+ Kd7 48. f4 a5 49. Rg5 Rc2+
50. Kd4 Kd6 51. Rg8 Rd2+ 52. Ke4 Re2+ 53. Kf3 Re7 54. Rd8+ Kc7 55. Ra8 Kb6
56. Rd8 Kc7 57. Ra8 Kb6 58. Rg8 a4 59. h6 a3 60. Rg1 Kc5 61. Ra1 Ra7 62.
Ke4 a2 63. Ke5 Ra6 64. d6 Kc6 65. Ke6 Ra4 1-0

[Event "IsBank TCh-TUR"]
[Site "Konya TUR"]
[Date "2010.07.05"]
[Round "8"]
[White "Erturan,Y"]
[Black "Haznedaroglu,K"]
[Result "1-0"]
[WhiteElo "2377"]
[BlackElo "2501"]
[EventDate "2010.06.29"]

1. d4 Nf6 2. Nf3 c5 3. g3 b6 4. Bg2 Bb7 5. Bf1 Bc8 6. Bg2 Bb7 7. O-O e6 8.
c4 cxd4 9. Nxd4 Bxg2 10. Kxg2 Qc7 11. b3 Nc6 12. Nc3 Bc5 13. Ndb5 Qd8 14.
Nd6+ Bxd6 15. Qxd6 a6 16. Ba3 Qe7 17. Rad1 Qxd6 18. Bxd6 O-O-O 19. Rd2 Ne8
20. Ba3 f5 21. e4 g6 22. Bb2 Rf8 23. Rc1 Kb7 24. Rcd1 Rf7 25. exf5 gxf5 26.
Ne2 Kc7 27. Nf4 Nf6 28. f3 Ng8 29. b4 Ra8 30. b5 Na5 31. Nxe6+ dxe6 32.
Be5+ Kc8 33. Rd8+ Kb7 34. R1d7+ Rxd7 35. Rxd7+ Kc8 36. Rg7 Nf6 37. Bxf6
Nxc4 38. Rxh7 axb5 39. Rh8+ Kb7 40. Rxa8 Kxa8 41. h4 Nd6 42. h5 Nf7 43. g4
fxg4 44. fxg4 1-0

[Event "IsBank TCh-TUR"]
[Site "Konya TUR"]
[Date "2010.07.05"]
[Round "8"]
[White "Gagunashvili,M"]
[Black "Citak,S"]
[Result "1-0"]
[WhiteElo "2580"]
[BlackElo "2340"]
[EventDate "2010.06.29"]

1. d4 Nf6 2. c4 g6 3. Nf3 Bg7 4. g3 O-O 5. Bg2 c6 6. O-O d5 7. Qb3 Qb6 8.
Nc3 Rd8 9. c5 Qxb3 10. axb3 Nfd7 11. b4 e5 12. e3 Na6 13. b5 Nc7 14. bxc6
bxc6 15. Rd1 Ne6 16. Ra5 g5 17. Bh3 Rf8 18. Bxe6 fxe6 19. Nxg5 exd4 20.
exd4 e5 21. Ne6 exd4 22. Nxf8 dxc3 23. Nxd7 c2 24. Re1 Bxd7 25. Re7 Rb8 26.
Rxa7 1-0

[Event "IsBank TCh-TUR"]
[Site "Konya TUR"]
[Date "2010.07.05"]
[Round "8"]
[White "Yeke,S"]
[Black "Can,E"]
[Result "0-1"]
[WhiteElo "2321"]
[BlackElo "2477"]
[EventDate "2010.06.29"]

1. e4 c5 2. Nc3 Nc6 3. f4 g6 4. Nf3 Bg7 5. Bb5 Nd4 6. O-O Nxb5 7. Nxb5 d6
8. d3 Nf6 9. Nc3 O-O 10. Qe1 Ne8 11. f5 gxf5 12. Qh4 f6 13. Ne2 fxe4 14.
dxe4 Be6 15. Ng3 Rf7 16. Nh5 Kh8 17. b3 Qc8 18. h3 Kg8 19. Qg3 Qc6 20. Bh6
Kh8 21. Bd2 Nc7 22. Qh4 Rg8 23. Rae1 Qe8 24. g4 Bd7 25. Kh2 Ne6 26. Bc3 Bh6
27. e5 dxe5 28. Rxe5 Qb8 29. Kg1 Nd4 30. Ree1 Nxf3+ 31. Rxf3 Bg5 32. Qf2
Qf8 33. Rxe7 Qxe7 34. Nxf6 Rgg7 35. h4 Bxf6 36. Rxf6 Rxf6 37. Bxf6 Qe4 38.
g5 Bc6 39. Kh2 Kg8 0-1

[Event "IsBank TCh-TUR"]
[Site "Konya TUR"]
[Date "2010.07.05"]
[Round "8"]
[White "Danelia,M"]
[Black "Topel,Z"]
[Result "1-0"]
[WhiteElo "2203"]
[BlackElo "2226"]
[EventDate "2010.06.29"]

1. d4 Nf6 2. c4 g6 3. Nc3 Bg7 4. e4 d6 5. f3 O-O 6. Be3 e5 7. d5 Nh5 8. Qd2
f5 9. O-O-O f4 10. Bf2 Na6 11. Kb1 Nc5 12. b4 Nd7 13. Bd3 Rf7 14. Nge2 a6
15. Nc1 c5 16. dxc6 bxc6 17. c5 Nf8 18. Bc4 Be6 19. Bxe6 Nxe6 20. Qxd6 Qe8
21. Qd2 Nd4 22. Bxd4 exd4 23. Na4 Rd8 24. Nd3 g5 25. Nb6 Qe6 26. Qc2 Nf6
27. Qc4 Qxc4 28. Nxc4 Ne8 29. h4 Rb7 30. hxg5 Bf8 31. a3 Ng7 32. Na5 Rc7
33. Nxf4 Be7 34. g6 h6 35. Nd3 Ne6 36. Rxh6 Kg7 37. Rdh1 Nf8 38. f4 Nxg6
39. f5 Nf8 40. Nxc6 Bg5 41. R6h5 1-0

[Event "IsBank TCh-TUR"]
[Site "Konya TUR"]
[Date "2010.07.05"]
[Round "8"]
[White "Yargici,M"]
[Black "Catalkilic,O"]
[Result "1-0"]
[WhiteElo "1822"]
[BlackElo "1962"]
[EventDate "2010.06.29"]

1. d4 d5 2. c4 dxc4 3. Nf3 Nf6 4. e3 e6 5. Bxc4 a6 6. a4 c5 7. O-O Nc6 8.
Nc3 Be7 9. Qe2 cxd4 10. Rd1 O-O 11. exd4 Nb4 12. Ne5 Qa5 13. Bg5 Nfd5 14.
Bxe7 Nxe7 15. Ne4 Nbd5 16. Ra3 Qc7 17. Ba2 Bd7 18. Bb1 Nf5 19. Qg4 Nxd4 20.
Nxd7 f5 21. Nef6+ Nxf6 22. Nxf6+ Rxf6 23. Qxd4 Rh6 24. h3 Rg6 25. Rc3 Qa5
26. Rc5 e5 27. Qd5+ 1-0

[Event "IsBank TCh-TUR"]
[Site "Konya TUR"]
[Date "2010.07.05"]
[Round "8"]
[White "Asan,E"]
[Black "Yaka,B"]
[Result "1-0"]
[WhiteElo "1796"]
[BlackElo "1534"]
[EventDate "2010.06.29"]

1. e4 e5 2. Nf3 Nc6 3. Bc4 Bc5 4. c3 Nf6 5. d3 d6 6. Bb3 O-O 7. O-O Be6 8.
Bc2 d5 9. Qe2 dxe4 10. dxe4 Qe7 11. Nbd2 Bg4 12. h3 Bh5 13. Re1 Nd7 14. Nf1
f5 15. exf5 Rae8 16. g4 Bf7 17. Bg5 Nf6 18. Ng3 Bd5 19. Be4 Qf7 20. b4 Nxe4
21. Nxe4 Bc4 22. Qc2 Be7 23. Bxe7 Qxe7 24. Ned2 Qf7 25. Nxc4 Qxc4 26. Re4
Nxb4 27. Rxc4 Nxc2 28. Rc1 Na3 29. Rxc7 Rf7 30. Rc5 e4 31. Ng5 b6 32. Nxf7
bxc5 33. Nd6 Re5 34. Re1 c4 35. Rxe4 Rxe4 36. Nxe4 Kf7 37. Kf1 Nb5 38. Ke2
h6 39. h4 a5 40. Ke3 Kf8 41. Kf4 Kf7 42. Ke5 Ke7 43. Kd5 Na3 44. Nd2 1-0

[Event "IsBank TCh-TUR"]
[Site "Konya TUR"]
[Date "2010.07.05"]
[Round "8"]
[White "Galkin,A"]
[Black "Heberla,B"]
[Result "1-0"]
[WhiteElo "2597"]
[BlackElo "2532"]
[EventDate "2010.06.29"]

1. e4 e6 2. d4 d5 3. Nc3 Nf6 4. Bg5 dxe4 5. Nxe4 Nbd7 6. Nf3 h6 7. Nxf6+
Nxf6 8. Bh4 Be7 9. Bd3 c5 10. c3 cxd4 11. Nxd4 O-O 12. Qe2 Qd5 13. O-O Bd7
14. Rfd1 Rfe8 15. Bxf6 Bxf6 16. Be4 Qc5 17. Bxb7 Rab8 18. Be4 a5 19. g3
Red8 20. Rac1 Ba4 21. b3 Be8 22. Nf3 Rxd1+ 23. Qxd1 a4 24. Qc2 Qa3 25. Rb1
axb3 26. axb3 Qa5 27. c4 Be7 28. Ne1 Qb6 29. b4 Qd4 30. Nf3 Qa7 31. c5 Rc8
32. Ne5 Bb5 33. Bh7+ Kf8 34. Bd3 Qb8 35. Bxb5 Qxe5 36. Qh7 g6 37. Qxh6+ Kg8
38. Qc1 Rb8 39. Bf1 Qd4 40. c6 Bd6 41. b5 Bc7 42. Rb3 Bb6 43. Qc2 Qe5 44.
Ra3 Rd8 45. Kg2 Qe1 46. Ra6 Rd1 47. Qe2 1-0

[Event "IsBank TCh-TUR"]
[Site "Konya TUR"]
[Date "2010.07.05"]
[Round "8"]
[White "Majdan,J"]
[Black "Guramishvili,S"]
[Result "1/2-1/2"]
[WhiteElo "2348"]
[BlackElo "2289"]
[EventDate "2010.06.29"]

1. e4 c5 2. Nf3 d6 3. d4 cxd4 4. Nxd4 Nf6 5. Nc3 a6 6. Be2 e5 7. Nb3 Be7 8.
O-O O-O 9. Re1 b6 10. a4 Bb7 11. Bc4 Qc7 12. Qe2 Rc8 13. Nd2 Nc6 14. b3 Nd4
15. Qd3 Rab8 16. Ra2 d5 17. exd5 Bb4 18. Nce4 Nxd5 19. Qg3 Be7 20. c3 Nf5
21. Qh3 Nh4 22. Nf3 Nxf3+ 23. Qxf3 Nf6 24. Nxf6+ Bxf6 25. Qg3 Qc6 26. Rc2
Rd8 27. Be3 Rd7 28. Rcc1 Rbd8 29. f3 Rd6 30. Qf2 Be7 31. Be2 Rg6 32. Red1
Rxd1+ 33. Rxd1 e4 1/2-1/2

[Event "IsBank TCh-TUR"]
[Site "Konya TUR"]
[Date "2010.07.05"]
[Round "8"]
[White "Koc,O"]
[Black "Komut,K"]
[Result "1/2-1/2"]
[WhiteElo "1851"]
[BlackElo "1937"]
[EventDate "2010.06.29"]

1. e4 e5 2. Nf3 Nc6 3. Bb5 a6 4. Ba4 Nf6 5. d3 Bc5 6. c3 b5 7. Bb3 d6 8. h3
h6 9. O-O O-O 10. Re1 Bb6 11. Nbd2 Ne7 12. Nf1 Ng6 13. Ng3 Bb7 14. Nf5 c5
15. Bc2 Re8 16. Nh2 d5 17. Ng4 Nxg4 18. Qxg4 Qf6 19. Re3 dxe4 20. dxe4 Bc8
21. Rf3 Bxf5 22. Rxf5 Qh4 23. Qf3 Qe7 24. g3 c4 25. b3 Qe6 26. Qh5 Nf8 27.
Qh4 Ng6 28. Qh5 Nf8 29. Qh4 Ba5 30. b4 Bb6 31. a4 Ng6 32. Qh5 Nf8 33. Qh4
Ng6 34. Qh5 Nf8 1/2-1/2